[Event "Madrid-ch Previa A 2014-2015"]
[Site "Madrid ESP"]
[Date "2015.02.02"]
[Round "1.2"]
[White "Canseco Arenas, Alfonso"]
[Black "Martos De La Vega, Alvar"]
[Result "0-1"]
[WhiteElo "1733"]
[BlackElo "1933"]
[PlyCount "48"]
[EventDate "2015.02.02"]
[EventType "swiss"]
[EventRounds "9"]
[EventCountry "ESP"]
[Source "lmi"]
[SourceDate "2015.02.02"]

1. a3 Nf6 2. c4 g6 3. Nc3 Bg7 4. e4 d6 5. g3 c5 6. Bg2 Nc6 7. Nge2 Ne5 8. O-O
Nd3 9. Qc2 Nxc1 10. Raxc1 O-O 11. f4 Nd7 12. f5 Ne5 13. Nd5 Nc6 14. h3 e6 15.
fxe6 fxe6 16. Ndc3 Qg5 17. Kh2 Be5 18. Qd3 Bd7 19. Nb5 Qe7 20. Nbc3 a6 21. Qe3
Nd4 22. d3 Nb3 23. Rcd1 Qg7 24. Na4 Bxa4 0-1

[Event "Madrid-ch Previa A 2014-2015"]
[Site "Madrid ESP"]
[Date "2015.02.02"]
[Round "1.3"]
[White "Camacho Casado, Demetrio"]
[Black "Martinez Miura, Enrique"]
[Result "1/2-1/2"]
[WhiteElo "1933"]
[BlackElo "1732"]
[PlyCount "138"]
[EventDate "2015.02.02"]
[EventType "swiss"]
[EventRounds "9"]
[EventCountry "ESP"]
[Source "lmi"]
[SourceDate "2015.02.02"]

1. d4 e6 2. Nf3 d5 3. Bf4 Nf6 4. h3 Be7 5. e3 O-O 6. Bd3 c5 7. c3 Nc6 8. O-O
Bd7 9. Nbd2 h6 10. Rc1 Rc8 11. Ne5 cxd4 12. exd4 Re8 13. Qf3 Nxe5 14. Bxe5 Bc6
15. Rfe1 a6 16. Bc2 Nd7 17. Qd3 Nf8 18. Nf3 Bd6 19. Bxd6 Qxd6 20. Ne5 Bb5 21.
Qf3 Re7 22. Qg3 Qd8 23. Re3 Be8 24. Qg4 f6 25. Nf3 Qc7 26. Nd2 e5 27. Rce1 e4
28. Bb3 Bf7 29. Rg3 Be6 30. Qh5 Qd6 31. Qh4 Bf7 32. Rxg7+ Kxg7 33. Qg4+ Ng6 34.
Qxc8 Be6 35. Qc5 Qd8 36. Nf1 Nf4 37. Re3 Kh7 38. Kh2 Rg7 39. Rg3 Rxg3 40. fxg3
Nd3 41. Qa7 Qc8 42. Qb6 f5 43. Qd6 Qd7 44. Qxd7+ Bxd7 45. Bxd5 Nxb2 46. Ne3 b6
47. Kg1 Nd3 48. Kf1 Kg7 49. g4 Kf6 50. gxf5 Bxf5 51. Bb7 a5 52. Nd5+ Kg5 53.
Nxb6 Nc1 54. Nc4 Kf4 55. d5 e3 56. g3+ Kxg3 57. Nxe3 Bxh3+ 58. Ke1 Nxa2 59. Kd2
Bd7 60. Kc2 h5 61. Kb2 Nxc3 62. Kxc3 h4 63. Kd4 h3 64. d6 a4 65. Nc4 h2 66. Nb6
Bg4 67. d7 Bxd7 68. Nxd7 Kf2 69. Ne5 Kg1 1/2-1/2

[Event "Madrid-ch Previa A 2014-2015"]
[Site "Madrid ESP"]
[Date "2015.02.02"]
[Round "1.4"]
[White "Boni De Aristizabal, Marco"]
[Black "Baeza Escudero, Javier"]
[Result "1-0"]
[WhiteElo "1723"]
[BlackElo "1922"]
[PlyCount "55"]
[EventDate "2015.02.02"]
[EventType "swiss"]
[EventRounds "9"]
[EventCountry "ESP"]
[Source "lmi"]
[SourceDate "2015.02.02"]

1. e4 c5 2. c3 Nf6 3. e5 Nd5 4. d4 cxd4 5. cxd4 d6 6. Bc4 Nb6 7. Bb3 dxe5 8.
dxe5 Qxd1+ 9. Bxd1 Nc6 10. f4 Nb4 11. Nc3 Bf5 12. Nf3 Nd3+ 13. Ke2 O-O-O 14.
Bb3 e6 15. Rd1 Bc5 16. h3 h5 17. Ng5 Rd7 18. Nce4 Rhd8 19. Rxd3 Rxd3 20. Nxc5
Rg3 21. Kf2 h4 22. Nxf7 Rf8 23. Nd6+ Kc7 24. Bxe6 Bh7 25. Bb3 Kb8 26. e6 Bg6
27. e7 Rh8 28. f5 1-0

[Event "Madrid-ch Previa A 2014-2015"]
[Site "Madrid ESP"]
[Date "2015.02.02"]
[Round "1.5"]
[White "Morona Minguez, Miguel"]
[Black "Fernandez Rios, Jose Francisco"]
[Result "1/2-1/2"]
[WhiteElo "1913"]
[BlackElo "1715"]
[PlyCount "78"]
[EventDate "2015.02.02"]
[EventType "swiss"]
[EventRounds "9"]
[EventCountry "ESP"]
[Source "lmi"]
[SourceDate "2015.02.02"]

1. e4 c5 2. Nf3 g6 3. d4 cxd4 4. Nxd4 Bg7 5. c4 Nc6 6. Be3 Nf6 7. Nc3 O-O 8.
Be2 d6 9. O-O Bd7 10. h3 Nxd4 11. Bxd4 Bc6 12. Qc2 a5 13. Rfd1 Nd7 14. Bxg7
Kxg7 15. a3 a4 16. Rd4 Nc5 17. Rad1 Nb3 18. R4d3 Nc5 19. Re3 Qc7 20. Nd5 Bxd5
21. cxd5 Rfb8 22. Bb5 Qb6 23. Be2 Qc7 24. Rd4 Qa5 25. Rb4 b5 26. e5 Na6 27. Rf4
Qc7 28. Qxc7 Nxc7 29. Rd4 Kf8 30. exd6 exd6 31. Rc3 Na6 32. Rc6 Ke7 33. Bxb5
Rxb5 34. Rxa4 Rxb2 35. Raxa6 Rxa6 36. Rxa6 Rb5 37. Ra7+ Kf6 38. f4 Rxd5 39. g4
Rd4 1/2-1/2

[Event "Madrid-ch Previa A 2014-2015"]
[Site "Madrid ESP"]
[Date "2015.02.02"]
[Round "1.6"]
[White "Rodriguez Bachiller, Luis"]
[Black "Rueda Maria, Ramiro"]
[Result "1/2-1/2"]
[WhiteElo "1714"]
[BlackElo "1905"]
[PlyCount "53"]
[EventDate "2015.02.02"]
[EventType "swiss"]
[EventRounds "9"]
[EventCountry "ESP"]
[Source "lmi"]
[SourceDate "2015.02.02"]

1. e4 e5 2. Nf3 Nf6 3. Nc3 Nc6 4. Bc4 Bc5 5. O-O O-O 6. h3 d6 7. d3 h6 8. a3
Be6 9. Bxe6 fxe6 10. Be3 Nd4 11. Bxd4 Bxd4 12. Nxd4 exd4 13. Ne2 c5 14. Nf4 Qe8
15. Qd2 e5 16. Ne2 Nh5 17. f4 exf4 18. Nxf4 Nxf4 19. Rxf4 Qe5 20. Raf1 Rxf4 21.
Qxf4 Qxf4 22. Rxf4 Re8 23. Rf5 Re5 24. g4 b5 25. b3 a5 26. Kf2 Re6 27. Kg3
1/2-1/2

[Event "Madrid-ch Previa A 2014-2015"]
[Site "Madrid ESP"]
[Date "2015.02.02"]
[Round "1.7"]
[White "Santamaria Baeza, Adolfo"]
[Black "Benitez Cadenas, Luis Miguel"]
[Result "1-0"]
[WhiteElo "1892"]
[BlackElo "1703"]
[PlyCount "63"]
[EventDate "2015.02.02"]
[EventType "swiss"]
[EventRounds "9"]
[EventCountry "ESP"]
[Source "lmi"]
[SourceDate "2015.02.02"]

1. e4 e6 2. d4 d5 3. exd5 exd5 4. Nf3 Bd6 5. Bg5 f6 6. Be3 Ne7 7. c4 c6 8. c5
Bc7 9. Bd3 O-O 10. O-O Bf5 11. Be2 b6 12. b4 a5 13. b5 bxc5 14. dxc5 cxb5 15.
Bxb5 Bd7 16. a4 Nbc6 17. Nc3 Nb4 18. Qb3 Be6 19. Rad1 Qb8 20. Ne2 Bg4 21. Ned4
Be5 22. Rfe1 Ra7 23. c6 Rc7 24. Rc1 Qc8 25. Bd2 Bd6 26. h3 Bxh3 27. gxh3 Qxh3
28. Bf1 Qg4+ 29. Bg2 Rfc8 30. Nb5 Rxc6 31. Rxc6 Rxc6 32. Nxd6 1-0

[Event "Madrid-ch Previa A 2014-2015"]
[Site "Madrid ESP"]
[Date "2015.02.02"]
[Round "1.8"]
[White "Leniz Martinez, Francisco"]
[Black "Cano Mercado, Francisco Manuel"]
[Result "1/2-1/2"]
[WhiteElo "1702"]
[BlackElo "1886"]
[PlyCount "89"]
[EventDate "2015.02.02"]
[EventType "swiss"]
[EventRounds "9"]
[EventCountry "ESP"]
[Source "lmi"]
[SourceDate "2015.02.02"]

1. d4 Nf6 2. Nf3 g6 3. c4 Bg7 4. Nc3 d5 5. Bf4 O-O 6. e3 e6 7. cxd5 Nxd5 8.
Nxd5 Qxd5 9. Be2 Qa5+ 10. Qd2 Qxd2+ 11. Nxd2 c5 12. Nb3 cxd4 13. Bxb8 Rxb8 14.
Nxd4 a6 15. O-O e5 16. Nf3 Be6 17. b3 h6 18. Rac1 Rbc8 19. Rfd1 b5 20. h3 g5
21. Nh2 e4 22. Nf1 Be5 23. Rxc8 Rxc8 24. Rd2 Kf8 25. Rd1 Ke7 26. Rd2 f5 27. g3
Rc1 28. Rd1 Rxd1 29. Bxd1 Bc3 30. f3 Be1 31. fxe4 fxe4 32. g4 Kd6 33. Kg2 a5
34. Ng3 Bxg3 35. Kxg3 Bd7 36. Kf2 Kc5 37. a3 a4 38. Ke1 b4 39. axb4+ Kxb4 40.
bxa4 Bxa4 41. Be2 Kc3 42. Kf2 Bc6 43. Bf1 Bd5 44. Bg2 Kd2 45. Bh1 1/2-1/2

[Event "Madrid-ch Previa A 2014-2015"]
[Site "Madrid ESP"]
[Date "2015.02.02"]
[Round "1.9"]
[White "Perea Blanco, David"]
[Black "Franco Rincon, David"]
[Result "1-0"]
[WhiteElo "1876"]
[BlackElo "1697"]
[PlyCount "83"]
[EventDate "2015.02.02"]
[EventType "swiss"]
[EventRounds "9"]
[EventCountry "ESP"]
[Source "lmi"]
[SourceDate "2015.02.02"]

1. d4 d5 2. Nf3 Nf6 3. g3 c6 4. Bg2 e6 5. O-O Be7 6. c4 O-O 7. Nc3 Nbd7 8. b3
Re8 9. Bb2 b6 10. Qd3 Bb7 11. Ne5 c5 12. cxd5 cxd4 13. Nxf7 Kxf7 14. dxe6+ Kf8
15. exd7 Bxg2 16. dxe8=Q+ Qxe8 17. Kxg2 dxc3 18. Bxc3 Rd8 19. Qf3 Kg8 20. Bxf6
Bxf6 21. Rad1 Rc8 22. Qd5+ Kh8 23. Qd7 Qe4+ 24. Kg1 Re8 25. e3 h5 26. Qd3 Qf3
27. Qd5 Qe2 28. Qf5 Rf8 29. Rfe1 Qxa2 30. Qxh5+ Kg8 31. Qd5+ Kh8 32. Rd2 Qa6
33. Red1 Qc8 34. Qd7 Qc3 35. Qh3+ Kg8 36. Qe6+ Kh8 37. Rd5 g6 38. Rd7 Bg7 39.
Qxg6 Qb2 40. Qxg7+ Qxg7 41. Rxg7 Kxg7 42. Rd7+ 1-0

[Event "Madrid-ch Previa A 2014-2015"]
[Site "Madrid ESP"]
[Date "2015.02.02"]
[Round "1.10"]
[White "Clemares Marquerie, David"]
[Black "Camarero Izquierdo, Juan Carlo"]
[Result "0-1"]
[WhiteElo "1693"]
[BlackElo "1875"]
[PlyCount "87"]
[EventDate "2015.02.02"]
[EventType "swiss"]
[EventRounds "9"]
[EventCountry "ESP"]
[Source "lmi"]
[SourceDate "2015.02.02"]

1. e4 c5 2. Nf3 d6 3. d4 cxd4 4. Nxd4 Nf6 5. Nc3 a6 6. Be3 e6 7. h3 b5 8. a3
Bb7 9. Bd3 Nbd7 10. f4 Rc8 11. O-O Be7 12. Nf3 Qc7 13. g4 h6 14. Qe2 d5 15. e5
Ne4 16. Bxe4 dxe4 17. Nd2 Nc5 18. Rac1 f5 19. gxf5 O-O 20. fxe6 Rf5 21. b4 Nxe6
22. Ncxe4 Rcf8 23. Qg4 Qc6 24. Rf3 Qe8 25. Rf2 h5 26. Qg3 Qa8 27. Ng5 Nxg5 28.
fxg5 Bxg5 29. Rxf5 Bxe3+ 30. Qxe3 Rxf5 31. Rf1 Rxf1+ 32. Kxf1 Qc8 33. e6 Bd5
34. e7 Be6 35. Qc5 Bxh3+ 36. Kf2 Kf7 37. c4 Qf5+ 38. Nf3 Ke8 39. cxb5 axb5 40.
Qa7 Bg4 41. Qe3 Qxf3+ 42. Qxf3 Bxf3 43. Kxf3 Kxe7 44. Ke4 0-1

[Event "Madrid-ch Previa A 2014-2015"]
[Site "Madrid ESP"]
[Date "2015.02.02"]
[Round "1.11"]
[White "Lozano Sanchez, Jose Antonio"]
[Black "Villodre Miranda, Juan Alonso"]
[Result "1/2-1/2"]
[WhiteElo "1873"]
[BlackElo "1683"]
[PlyCount "126"]
[EventDate "2015.02.02"]
[EventType "swiss"]
[EventRounds "9"]
[EventCountry "ESP"]
[Source "lmi"]
[SourceDate "2015.02.02"]

1. e4 c5 2. Nf3 d6 3. Bc4 e5 4. Nc3 g6 5. d3 h6 6. O-O Bg7 7. a3 Nc6 8. Be3
Nge7 9. h3 O-O 10. Nh2 Kh7 11. f4 f5 12. Qd2 exf4 13. Bxf4 g5 14. Be3 f4 15.
Bf2 a6 16. a4 Nd4 17. Bxd4 Bxd4+ 18. Kh1 Nc6 19. Nf3 Bg7 20. Rae1 h5 21. Ne2 g4
22. Nfg1 f3 23. gxf3 gxf3 24. Rxf3 Rxf3 25. Nxf3 Bh6 26. Qd1 Bxh3 27. d4 Bg4
28. Qd3 Bxf3+ 29. Qxf3 Qh4+ 30. Kg2 Rf8 31. Qg3 Qxe4+ 32. Kh2 Bf4 33. Nxf4 Qxf4
34. Bd3+ Kh8 35. dxc5 dxc5 36. Re6 Qxg3+ 37. Kxg3 Rf7 38. Rh6+ Kg7 39. Rxh5 b6
40. Rh7+ Kf8 41. Rxf7+ Kxf7 42. Bxa6 Nb4 43. Bd3 Ke6 44. Kf3 Ke5 45. Ke3 Nd5+
46. Kd2 Kd4 47. c3+ Ke5 48. Bc4 Nc7 49. Kc2 Kd6 50. b4 Kc6 51. Bf7 Kb7 52. Kb3
Na6 53. Kc4 cxb4 54. cxb4 Ka7 55. Kb5 Kb7 56. Bd5+ Ka7 57. Bc4 Kb7 58. Bd5+ Ka7
59. Bf7 Kb7 60. Kc4 Kc7 61. a5 Kb7 62. Bd5+ Ka7 63. Bf3 Nxb4 1/2-1/2

[Event "Madrid-ch Previa A 2014-2015"]
[Site "Madrid ESP"]
[Date "2015.02.02"]
[Round "1.12"]
[White "Jimenez Jimenez, Darfo"]
[Black "Fernandez Aransay, Fernando"]
[Result "0-1"]
[WhiteElo "1668"]
[BlackElo "1869"]
[PlyCount "66"]
[EventDate "2015.02.02"]
[EventType "swiss"]
[EventRounds "9"]
[EventCountry "ESP"]
[Source "lmi"]
[SourceDate "2015.02.02"]

1. e4 c5 2. Nf3 d6 3. d4 cxd4 4. Nxd4 Nf6 5. Nc3 g6 6. Bg5 Bg7 7. Bb5+ Bd7 8.
Qe2 O-O 9. O-O-O a6 10. Bxd7 Nbxd7 11. f4 Qc7 12. Nd5 Nxd5 13. exd5 Nf6 14.
Rhe1 Rfe8 15. f5 Rac8 16. Rd2 Qc4 17. fxg6 hxg6 18. Qxc4 Rxc4 19. b3 Rc5 20.
Bxf6 Bxf6 21. c4 Bg5 22. Nf3 Bxd2+ 23. Nxd2 Kf8 24. Ne4 Rc7 25. Ng5 Kg8 26. Ne4
Rcc8 27. Kd2 b5 28. c5 dxc5 29. d6 Red8 30. Kc2 exd6 31. Nf6+ Kg7 32. Nd5 Re8
33. Ne7 Kf8 0-1

[Event "Madrid-ch Previa A 2014-2015"]
[Site "Madrid ESP"]
[Date "2015.02.02"]
[Round "1.13"]
[White "Lopez Heras, Arturo"]
[Black "Lucia Carpintero, Oscar"]
[Result "1-0"]
[WhiteElo "1866"]
[BlackElo "1661"]
[PlyCount "57"]
[EventDate "2015.02.02"]
[EventType "swiss"]
[EventRounds "9"]
[EventCountry "ESP"]
[Source "lmi"]
[SourceDate "2015.02.02"]

1. d4 d5 2. c4 dxc4 3. e4 Nf6 4. Nc3 e6 5. Bxc4 Bb4 6. Bd3 O-O 7. Nf3 h6 8. O-O
c5 9. a3 cxd4 10. axb4 dxc3 11. bxc3 Qc7 12. c4 e5 13. Bb2 Re8 14. h3 b6 15.
Re1 Bb7 16. Qb3 Nc6 17. b5 Na5 18. Qc3 Nd7 19. Rec1 Nc5 20. Bc2 f6 21. Re1 Rad8
22. Ba3 Rd7 23. Bb4 Red8 24. Bxa5 bxa5 25. Qxa5 Qc8 26. Nh4 Rd2 27. Nf5 R8d7
28. Ne7+ Rxe7 29. Qxd2 1-0

[Event "Madrid-ch Previa A 2014-2015"]
[Site "Madrid ESP"]
[Date "2015.02.02"]
[Round "1.14"]
[White "Garcia Carbonell, Francisco"]
[Black "Saber, Salah"]
[Result "0-1"]
[WhiteElo "1658"]
[BlackElo "1866"]
[PlyCount "90"]
[EventDate "2015.02.02"]
[EventType "swiss"]
[EventRounds "9"]
[EventCountry "ESP"]
[Source "lmi"]
[SourceDate "2015.02.02"]

1. e4 c5 2. Nc3 Nc6 3. g3 g6 4. d3 Bg7 5. Bg2 d6 6. h3 e5 7. Be3 Nge7 8. Qd2
Nd4 9. f4 Be6 10. Nf3 f6 11. O-O Qd7 12. Kh2 O-O 13. Nd1 Bh6 14. Nh4 f5 15.
fxe5 Bxe3 16. Nxe3 dxe5 17. Nc4 Bxc4 18. dxc4 Rad8 19. Rad1 Qa4 20. Qg5 Qe8 21.
Rd2 Ne6 22. Qe3 f4 23. Qc3 Rxd2 24. Qxd2 fxg3+ 25. Kxg3 Rxf1 26. Bxf1 Qf7 27.
Qf2 Qg7 28. Nf3 b6 29. Ne1 h5 30. Nd3 Ng5 31. Bg2 Kh7 32. Kh2 Nc6 33. c3 Nd8
34. h4 Ngf7 35. b3 Nh6 36. Bh3 Ndf7 37. Qg3 Qf6 38. a4 g5 39. hxg5 Nxg5 40. Bg2
Ng4+ 41. Kg1 Kh6 42. b4 Ne6 43. Bh3 Kg5 44. Bxg4 hxg4 45. Kg2 Nf4+ 0-1

[Event "Madrid-ch Previa A 2014-2015"]
[Site "Madrid ESP"]
[Date "2015.02.02"]
[Round "1.15"]
[White "Jimenez Gonzalez, Marcos"]
[Black "Beekhof Harmsen, Willen"]
[Result "1/2-1/2"]
[WhiteElo "1856"]
[BlackElo "1654"]
[PlyCount "111"]
[EventDate "2015.02.02"]
[EventType "swiss"]
[EventRounds "9"]
[EventCountry "ESP"]
[Source "lmi"]
[SourceDate "2015.02.02"]

1. c4 Nf6 2. g3 g6 3. Nc3 Bg7 4. Bg2 O-O 5. e4 Nc6 6. Nge2 b6 7. d3 Bb7 8. O-O
e5 9. Nd5 Nxd5 10. cxd5 Nd4 11. Nxd4 exd4 12. Bf4 g5 13. Bd2 c5 14. f4 gxf4 15.
Bxf4 d6 16. Rc1 a5 17. Qd2 Kh8 18. Bh6 Qe7 19. Bh3 Bc8 20. Bxc8 Raxc8 21. Rf5
Rg8 22. Rcf1 Rcf8 23. Bxg7+ Rxg7 24. Rf6 Rg6 25. Qf4 Kg7 26. Rf5 f6 27. b3 h6
28. Qd2 Rg5 29. Kg2 h5 30. h4 Rxf5 31. Rxf5 Kg6 32. Qd1 Rh8 33. a4 Rh6 34. Qc2
Qd7 35. Qc4 Kh7 36. Qa6 Qc7 37. Qa8 Kg7 38. Qe8 Rh8 39. Qe6 Qd8 40. Rf4 Re8 41.
Qh3 Re5 42. Kh2 Qe8 43. Qf1 Qg6 44. Qh3 f5 45. exf5 Re2+ 46. Kg1 Qe8 47. f6+
Kf7 48. Re4 Rxe4 49. dxe4 Kxf6 50. Qf5+ Kg7 51. Kh2 Qf7 52. Qg5+ Kh7 53. Kg2
Qg6 54. Qe7+ Kh6 55. Qf8+ Kh7 56. Qe7+ 1/2-1/2

[Event "Madrid-ch Previa A 2014-2015"]
[Site "Madrid ESP"]
[Date "2015.02.02"]
[Round "1.16"]
[White "Ramos Antona, Enrique"]
[Black "Lopez Oneto, Manuel"]
[Result "1/2-1/2"]
[WhiteElo "1630"]
[BlackElo "1855"]
[PlyCount "106"]
[EventDate "2015.02.02"]
[EventType "swiss"]
[EventRounds "9"]
[EventCountry "ESP"]
[Source "lmi"]
[SourceDate "2015.02.02"]

1. d4 Nf6 2. c4 g6 3. Nc3 d5 4. cxd5 Nxd5 5. e4 Nxc3 6. bxc3 c5 7. Be3 Bg7 8.
Bc4 O-O 9. Ne2 Nc6 10. O-O cxd4 11. cxd4 Na5 12. Bd3 b6 13. Rc1 Bb7 14. Qd2 Qd7
15. Bh6 Rfd8 16. Bxg7 Kxg7 17. Qe3 Rac8 18. f4 e6 19. Rxc8 Rxc8 20. Rc1 Rxc1+
21. Qxc1 h5 22. Qc3 Qc6 23. d5+ Qxc3 24. Nxc3 exd5 25. exd5 Kf8 26. Kf2 a6 27.
Ke3 Ke7 28. Kd4 Kd6 29. h4 f5 30. Be2 b5 31. Bxb5 axb5 32. Nxb5+ Kd7 33. g3 Ba6
34. Kc5 Bc8 35. Kd4 Bb7 36. Ke5 Nc4+ 37. Kf6 Bxd5 38. Kxg6 Ne3 39. Kxh5 Bxa2
40. Kg5 Ke7 41. h5 Kf7 42. h6 Bb1 43. Nd6+ Kg8 44. Kg6 Ba2 45. Kg5 Kh7 46. Nxf5
Nxf5 47. Kxf5 Kxh6 48. g4 Kg7 49. Ke5 Kf7 50. f5 Bc4 51. g5 Bb3 52. Kd6 Bc4 53.
Ke5 Bb3 1/2-1/2

[Event "Madrid-ch Previa A 2014-2015"]
[Site "Madrid ESP"]
[Date "2015.02.02"]
[Round "1.17"]
[White "Perez Cameselle, Francisco"]
[Black "Jara Sanchez, Carlos"]
[Result "1-0"]
[WhiteElo "1849"]
[BlackElo "1621"]
[PlyCount "33"]
[EventDate "2015.02.02"]
[EventType "swiss"]
[EventRounds "9"]
[EventCountry "ESP"]
[Source "lmi"]
[SourceDate "2015.02.02"]

1. Nf3 Nf6 2. g3 d5 3. Bg2 Nc6 4. d4 g6 5. c4 Bg7 6. Nc3 dxc4 7. Qa4 O-O 8.
Qxc4 Re8 9. Bf4 Be6 10. Qd3 Nb4 11. Qb1 Nbd5 12. Be5 Nxc3 13. bxc3 Bd5 14. O-O
Be4 15. Qb3 Nd7 16. Bxg7 Kxg7 17. Ng5 1-0

[Event "Madrid-ch Previa A 2014-2015"]
[Site "Madrid ESP"]
[Date "2015.02.02"]
[Round "1.18"]
[White "Del Noval Nemeshazi, Nesztor"]
[Black "Hernandez Gutierrez, Jose"]
[Result "1-0"]
[WhiteElo "1616"]
[BlackElo "1848"]
[PlyCount "93"]
[EventDate "2015.02.02"]
[EventType "swiss"]
[EventRounds "9"]
[EventCountry "ESP"]
[Source "lmi"]
[SourceDate "2015.02.02"]

1. e4 c6 2. Nc3 d5 3. Qe2 dxe4 4. Nxe4 Bf5 5. d3 e6 6. Nf3 Be7 7. Bf4 Nf6 8.
O-O-O Qd5 9. Nc3 Qa5 10. Nd4 Nbd7 11. Nxf5 Qxf5 12. g3 Nd5 13. Bd2 Bf6 14. Ne4
Be7 15. f4 O-O-O 16. Bg2 h6 17. g4 Qh7 18. Ng3 Rhe8 19. Rde1 Bf6 20. Ne4 Be7
21. Qf2 Kb8 22. Re2 N5f6 23. h3 Nd5 24. Rhe1 N7f6 25. Ng3 Bd6 26. Ne4 Bc7 27.
Nxf6 Nxf6 28. Be3 Nd5 29. Bxa7+ Ka8 30. Be3 Nxe3 31. Qxe3 Qg8 32. h4 Qf8 33.
Qd2 Rd4 34. Re4 Red8 35. Qf2 Qd6 36. c3 Rxd3 37. Ra4+ Kb8 38. Re2 Rd1+ 39. Kc2
Qd3+ 40. Kb3 Rd2 41. Rxd2 Qxd2 42. Qa7+ Kc8 43. Qa8+ Bb8 44. Rb4 Qd7 45. Bxc6
Qd1+ 46. Ka3 bxc6 47. Qb7# 1-0

[Event "Madrid-ch Previa A 2014-2015"]
[Site "Madrid ESP"]
[Date "2015.02.02"]
[Round "1.19"]
[White "Hernandez Garcia, Carlos"]
[Black "Jaumandreu Llopis, Antonio"]
[Result "1-0"]
[WhiteElo "1838"]
[BlackElo "1566"]
[PlyCount "85"]
[EventDate "2015.02.02"]
[EventType "swiss"]
[EventRounds "9"]
[EventCountry "ESP"]
[Source "lmi"]
[SourceDate "2015.02.02"]

1. e4 c5 2. Nf3 Nc6 3. d4 cxd4 4. Nxd4 Nf6 5. Nc3 e5 6. Nb3 Bb4 7. Bd3 d5 8.
exd5 Nxd5 9. Bd2 Nxc3 10. bxc3 Bd6 11. Qh5 g6 12. Qe2 Qh4 13. O-O O-O 14. Qe4
Qxe4 15. Bxe4 Be6 16. a4 Rac8 17. a5 f5 18. Bf3 e4 19. Be2 Be5 20. a6 b6 21.
Bb5 Rfd8 22. Rad1 Kg7 23. Bxc6 Rxd2 24. Rxd2 Rxc6 25. Nd4 Bxd4 26. cxd4 Bc4 27.
Ra1 Rd6 28. Ra3 g5 29. f3 exf3 30. gxf3 b5 31. c3 h5 32. Kf2 Kf6 33. Rd1 g4 34.
fxg4 hxg4 35. Raa1 f4 36. Re1 b4 37. cxb4 Rxd4 38. Rad1 g3+ 39. hxg3 fxg3+ 40.
Kxg3 Rd3+ 41. Rxd3 Bxd3 42. Rd1 Be2 43. Rd7 1-0

[Event "Madrid-ch Previa A 2014-2015"]
[Site "Madrid ESP"]
[Date "2015.02.02"]
[Round "1.21"]
[White "Fernandez Garcia, Ignacio"]
[Black "Montejano Siguero, Sonia"]
[Result "1-0"]
[WhiteElo "1836"]
[BlackElo "1521"]
[PlyCount "61"]
[EventDate "2015.02.02"]
[EventType "swiss"]
[EventRounds "9"]
[EventCountry "ESP"]
[Source "lmi"]
[SourceDate "2015.02.02"]

1. e4 c5 2. Nf3 Nc6 3. d4 cxd4 4. Nxd4 e5 5. Nb3 Nf6 6. Nc3 Bb4 7. Bg5 Bxc3+ 8.
bxc3 d6 9. Be2 Be6 10. Qd3 Qb6 11. O-O h6 12. Bxf6 gxf6 13. Qxd6 Rd8 14. Qc5
Qxc5 15. Nxc5 Rd2 16. Bd3 b6 17. Nb3 Bxb3 18. axb3 Na5 19. b4 Nc6 20. Bb5 Kd7
21. Rxa7+ Kd6 22. Rxf7 Ke6 23. Rb7 Rc8 24. Rxb6 Rd6 25. Bc4+ Ke7 26. Bd5 Kf8
27. b5 Rxd5 28. exd5 Na5 29. Ra1 Nc4 30. Rxf6+ Kg7 31. Rc6 1-0

[Event "Madrid-ch Previa A 2014-2015"]
[Site "Madrid ESP"]
[Date "2015.02.02"]
[Round "1.22"]
[White "Cortijo Manso, Luis"]
[Black "Roldan Garcia, Angel"]
[Result "1/2-1/2"]
[WhiteElo "1508"]
[BlackElo "1824"]
[PlyCount "62"]
[EventDate "2015.02.02"]
[EventType "swiss"]
[EventRounds "9"]
[EventCountry "ESP"]
[Source "lmi"]
[SourceDate "2015.02.02"]

1. Nf3 Nf6 2. c4 g6 3. g3 Bg7 4. Bg2 O-O 5. O-O d6 6. d4 Nbd7 7. Nc3 e5 8. e4
exd4 9. Nxd4 a6 10. Bg5 h6 11. Bf4 Re8 12. Qd2 Kh7 13. Rfe1 Nc5 14. Nb3 Ne6 15.
Be3 Ng4 16. Bd4 Nxd4 17. Nxd4 Ne5 18. b3 Bd7 19. Nf3 Nxf3+ 20. Bxf3 Qf6 21. Re3
h5 22. Qc2 Bh6 23. Rd3 Bc6 24. Rad1 h4 25. Bg2 hxg3 26. hxg3 Re5 27. Nd5 Bxd5
28. cxd5 Re7 29. Qc3 Qxc3 30. Rxc3 Bg7 31. Rcd3 Be5 1/2-1/2

[Event "Madrid-ch Previa A 2014-2015"]
[Site "Madrid ESP"]
[Date "2015.02.02"]
[Round "1.24"]
[White "Suarez Mencia, Roberto"]
[Black "Corral Aragon, Juan Maria"]
[Result "0-1"]
[WhiteElo "1489"]
[BlackElo "1809"]
[PlyCount "83"]
[EventDate "2015.02.02"]
[EventType "swiss"]
[EventRounds "9"]
[EventCountry "ESP"]
[Source "lmi"]
[SourceDate "2015.02.02"]

1. c4 c6 2. g3 d5 3. cxd5 cxd5 4. Bg2 Nc6 5. e3 e5 6. Ne2 Nf6 7. d4 e4 8. Nbc3
Bd6 9. O-O O-O 10. a3 Bg4 11. Bd2 Qd7 12. Nb5 Bb8 13. Nbc3 Bh3 14. b4 h5 15.
Nf4 Bxf4 16. exf4 Nxd4 17. Be3 Nf3+ 18. Kh1 Bxg2+ 19. Kxg2 Rac8 20. Ne2 Rfd8
21. Nd4 Rc3 22. Nxf3 exf3+ 23. Kg1 Qh3 24. Qxf3 d4 25. Rfc1 Ng4 26. Qg2 Qxg2+
27. Kxg2 Rd3 28. h3 Nf6 29. Bxd4 R3xd4 30. Rc7 R4d7 31. Rc4 Rd4 32. Rc7 R8d7
33. Rc8+ Kh7 34. Ra8 h4 35. Rb8 Kg6 36. f5+ Kxf5 37. g4+ Kg5 38. Rc1 Nd5 39.
Rh8 Nf4+ 40. Kh2 Rd3 41. Rc5+ R7d5 42. Rg8 0-1

[Event "Madrid-ch Previa A 2014-2015"]
[Site "Madrid ESP"]
[Date "2015.02.02"]
[Round "1.25"]
[White "Martin-Consuegra Barrilero, Ja"]
[Black "Rufo Yebra, Benito"]
[Result "1-0"]
[WhiteElo "1801"]
[BlackElo "1484"]
[PlyCount "83"]
[EventDate "2015.02.02"]
[EventType "swiss"]
[EventRounds "9"]
[EventCountry "ESP"]
[Source "lmi"]
[SourceDate "2015.02.02"]

1. d4 d5 2. Bf4 e6 3. e3 Bd7 4. Nf3 c5 5. c3 c4 6. Nbd2 Nc6 7. e4 Be7 8. Be2 h6
9. h3 Bg5 10. Nxg5 hxg5 11. Bh2 b5 12. O-O Nh6 13. b3 Qe7 14. Re1 g4 15. exd5
gxh3 16. dxc6 Bxc6 17. Bf3 Bxf3 18. Qxf3 Rd8 19. Qxh3 Kd7 20. Ne4 Nf5 21. Nc5+
Kc8 22. Qxf5 Rxh2 23. Kxh2 Qd6+ 24. Qe5 Qe7 25. Nxe6 Qh4+ 26. Kg1 fxe6 27.
Qxe6+ Kc7 28. Qe7+ Qxe7 29. Rxe7+ Kb6 30. bxc4 b4 31. cxb4 Rxd4 32. Rc1 a6 33.
Rxg7 a5 34. Rg6+ Ka7 35. Re1 Rxc4 36. Re7+ Kb8 37. Rg8+ Rc8 38. Rxc8+ Kxc8 39.
b5 a4 40. Ra7 a3 41. f4 Kd8 42. f5 1-0

[Event "Madrid-ch Previa A 2014-2015"]
[Site "Madrid ESP"]
[Date "2015.02.02"]
[Round "1.26"]
[White "Roman Garcia, Jose Luis"]
[Black "Garcia Lopez, Pedro"]
[Result "0-1"]
[WhiteElo "1469"]
[BlackElo "1784"]
[PlyCount "94"]
[EventDate "2015.02.02"]
[EventType "swiss"]
[EventRounds "9"]
[EventCountry "ESP"]
[Source "lmi"]
[SourceDate "2015.02.02"]

1. e4 c5 2. Nf3 d6 3. Bc4 Nc6 4. c3 a6 5. a4 Nf6 6. d3 Bg4 7. O-O Ne5 8. Nbd2
Bxf3 9. Nxf3 Nxc4 10. dxc4 e5 11. Bg5 h6 12. Bxf6 Qxf6 13. Qd5 Rb8 14. b4 cxb4
15. cxb4 g5 16. c5 g4 17. Nd2 dxc5 18. Nc4 cxb4 19. a5 Be7 20. Qxe5 Qxe5 21.
Nxe5 Bf6 22. f4 gxf3 23. Nxf3 Bxa1 24. Rxa1 Ke7 25. Rb1 b5 26. Rxb4 Rbc8 27.
Nd4 h5 28. Nf5+ Ke6 29. Kf2 h4 30. Kf3 Ke5 31. Rb3 Rc4 32. Ne3 Rc1 33. Rd3 Rg8
34. Rd5+ Ke6 35. Rh5 b4 36. Rxh4 b3 37. Rh6+ Rg6 38. Rh8 b2 39. Rb8 b1=Q 40.
Rb6+ Kd7 41. Rxb1 Rxb1 42. Nc4 Ke6 43. h3 Rb3+ 44. Ne3 Ke5 45. Kf2 Kxe4 46. Nf1
Rb2+ 47. Ke1 Rgxg2 0-1